Čísla prajú podnikaniu na webe
Podnikanie na webe - jedna z najmenej nákladných oblastí podnikania. Kľúčová úloha produktu. Elektronika ako najobľúbenejší sortiment na internete. Najúspešnejší slovenský internetový obchod - Mall.sk. Alza.sk - víťaz kategórie kvality. Podmienka úspechu - čo najrýchlejšia realizácia nápadu. Akvizíc...
Gespeichert in:
| 1. Verfasser: | |
|---|---|
| Weitere Verfasser: | |
| Format: | Buchkapitel |
| Sprache: | Slowakisch |
| Schlagworte: | |
| Tags: |
Keine Tags, Fügen Sie das erste Tag hinzu!
|
MARC
| LEADER | 00000naa a2200000 4500 | ||
|---|---|---|---|
| 001 | 0193890 | ||
| 005 | 20231113083158.4 | ||
| 041 | 0 | |a slo | |
| 044 | |a SK | ||
| 245 | 1 | 0 | |a Čísla prajú podnikaniu na webe |c Radovan Žuffa, Alexander Mravčák |
| 520 | |a Podnikanie na webe - jedna z najmenej nákladných oblastí podnikania. Kľúčová úloha produktu. Elektronika ako najobľúbenejší sortiment na internete. Najúspešnejší slovenský internetový obchod - Mall.sk. Alza.sk - víťaz kategórie kvality. Podmienka úspechu - čo najrýchlejšia realizácia nápadu. Akvizícia hotovej webovej stránky. Deväť najväčších chýb v online podnikaní. | ||
| 610 | 2 | 0 | |a podnikanie elektronické |
| 610 | 2 | 0 | |a obchod elektronický |
| 610 | 2 | 0 | |a stránky webové |
| 610 | 2 | 0 | |a internet |
| 100 | 1 | |a Žuffa, Radovan | |
| 700 | 1 | |a Mravčák, Alexander | |